| 000 | 00930nam a2200325Mi 4500 | ||
|---|---|---|---|
| 001 | 52825 | ||
| 005 | 20230410132826.0 | ||
| 008 | 071112s2007 es 000 0 spa d | ||
| 035 | _a(OCoLC)ocn181137788 | ||
| 040 |
_aC3L _cC3L |
||
| 020 | _a9788497426411 | ||
| 020 | _a849742641X | ||
| 029 | 0 |
_aC3L _b60639666 |
|
| 035 | _a(OCoLC)181137788 | ||
| 043 |
_ae-it--- _ae------ |
||
| 045 | _ao0s9 | ||
| 082 | 1 | 4 |
_a320 _221 |
| 049 | _aGRAL | ||
| 050 | 1 | 4 | _a1erAPT1erB356r 2007 |
| 100 | 1 | _aBayona Aznar, Bernardo. | |
| 245 | 1 | 0 |
_aReligión y poder : _bMarsilio de Papua : Åla primera teoría laica del Estado? / _cBernardo Bayona Aznar. |
| 260 |
_aMadrid : _bBiblioteca Nueva, _c2007. |
||
| 300 |
_a384 p. ; _c23 cm. |
||
| 440 | 0 | _aEnsayo/ Pensamiento | |
| 500 | _aMarsilius of Padua (d. 1342?). | ||
| 938 |
_aCasalini Libri _bCASA _n60639666 _c23.00 EUR |
||
| 942 | _2lcc | ||
| 994 |
_aC0 _bDRFGD |
||
| 946 | _aLspaulino | ||
| 999 |
_c88421 _d88421 |
||